000 004670000a22001690004500
003 MACL
005 20160109115742.0
008 160109b xxu||||| |||| 00| 0 eng d
040 _aMACL
_cMACL
041 _aEnglish
082 _a911/GRU
100 _aNational Geographic Society
_930187
245 _aThe National Geographic Magazine
_b13709-10-11-12
260 _bNational Geographic Society
_aWashington
650 _aGeography
_930188
942 _cBK
_k911/GRO
_2ddc
999 _c36364
_d36364